| 000 | 004620000a22001810004500 | ||
|---|---|---|---|
| 003 | MACL | ||
| 005 | 20150726175246.0 | ||
| 008 | 150726b xxu||||| |||| 00| 0 eng d | ||
| 040 |
_aMACL _cMACL |
||
| 041 | _aEnglish | ||
| 082 | _a330/VIS | ||
| 100 |
_aVishnoi, Dr. Savita _92731 |
||
| 245 | _aEconomic Status Of Women In Ancient India | ||
| 260 |
_bKusumanjali Prakashan _c1993 _aJodhpur |
||
| 350 | _a250 | ||
| 650 |
_aEconomices _92732 |
||
| 942 |
_cBK _k330 _2ddc |
||
| 999 |
_c4532 _d4532 |
||